000 00209 a2200097 4500
001 18833
100 _a
245 _aCost & optimization engineering
260 _a
_bMc Graw Hill
_c1970
090 _c13952
_d13952
942 _aNUST-CAE
_cM
_c4394
999 _c253906
_d253906